Silkscreen Masters - Secrets of the Words Top Screen Printers. (Record no. 7948)

MARC details
000 -LEADER
fixed length control field 00412nam a2200169Ia 4500
008 - FIXED-LENGTH DATA ELEMENTS--GENERAL INFORMATION
fixed length control field 220524s9999 xx 000 0 und d
020 ## - INTERNATIONAL STANDARD BOOK NUMBER
International Standard Book Number 9788866131663
041 ## - LANGUAGE CODE
Language code of text/sound track or separate title eng
082 ## - DEWEY DECIMAL CLASSIFICATION NUMBER
Classification number 746.1
100 ## - MAIN ENTRY--PERSONAL NAME
Personal name Moleskine.
9 (RLIN) 8624
245 ## - TITLE STATEMENT
Title Silkscreen Masters - Secrets of the Words Top Screen Printers.
260 ## - PUBLICATION, DISTRIBUTION, ETC. (IMPRINT)
Name of publisher, distributor, etc. Moleskine.--
Date of publication, distribution, etc. 2017
300 ## - PHYSICAL DESCRIPTION
Extent 239
650 ## - SUBJECT ADDED ENTRY--TOPICAL TERM
Topical term or geographic name as entry element Dyeing
9 (RLIN) 8625
906 ## - LOCAL DATA ELEMENT F, LDF (RLIN)
a
Holdings
Withdrawn status Lost status Damaged status Not for loan Home library Current library Date acquired Vendor Cost, normal purchase price Total Checkouts Full call number Barcode Date last seen Cost, replacement price Bill Date Koha item type Original Barcode
        School of Fashion Technology School of Fashion Technology 01/11/2018 Pankaj Publication 2445.10   746.1 SOFT-BK-3634 08/07/2022 1833.83 08/07/2022 Books 003634